000 00378nam a2200157Ia 4500
008 230917s9999||||xx |||||||||||||| ||und||
040 _e165276
_aMAIN
041 _aEnglish
082 _a519.5 G643F
100 _aGun, A M
245 0 _aFundamentals of statistics. 2V
250 _a9th ed.
260 _aKolkata
_bWorld Press
_c2005
300 _a619 , 598 p.
942 _cBK
999 _c158520
_d158520